000 00422cam a22001217a 4500
008 180718b1965 xxu||||| |||| 00| 0 eng d
082 _aA81x54 In2/61/Vol 15/Pt 2-B (ii)
100 _aCensus of India 1961
245 _aUttar Pradesh: general economic tables (table B-IV-Pt C)
260 _aDelhi
_bThe Manager of Publications
_c1965
300 _a644+p.
440 _aCensus of India 1961. Volume XV, Uttar Pradesh. Part II-B
999 _c484349
_d484349